书目信息 |
| 题名: |
李嘉图著作和通信集
|
|
| 作者: | 李嘉图 著 ;斯拉法 , 经文正 主编 | |
| 分册: | 第三卷 | |
| 出版信息: | 北京 商务印书馆 1977 |
|
| 页数: | 403页 | |
| 开本: | 20cm | |
| 丛书名: | ||
| 单 册: | ||
| 中图分类: | F091.33 | |
| 科图分类: | ||
| 主题词: | 古典资产阶级政治经济学 | |
| 电子资源: | ||
| ISBN: | ||
| 000 | 00795nam0 2200265 45 | |
| 001 | 0177002115 | |
| 005 | 20060818172248.73 | |
| 010 | @dCNY1.2 | |
| 091 | @a4017.170 | |
| 100 | @a19950925d1977 kemy0chiy0121 ea | |
| 101 | 0 | @achi@ceng |
| 102 | @aCN@b110000 | |
| 105 | @ay z 000yy | |
| 200 | 10 | @a李嘉图著作和通信集@Ali jia tu zhu zuo he tong xin ji@h第三卷@f(英)D.李嘉图著@gP.斯拉法主编@g经文正译 |
| 210 | @a北京@c商务印书馆@d1977 | |
| 215 | @a403页@d20cm | |
| 600 | 1 | @a李嘉图@bD.@x著作 |
| 606 | @a古典资产阶级政治经济学 | |
| 690 | @aF091.33@v3 | |
| 701 | 1 | @a李嘉图@bD.@Ali jia tu@4著 |
| 702 | 1 | @a斯拉法@bP.@Asi la fa@4主编 |
| 702 | 0 | @a经文正@Ajing wen zheng@4译 |
| 801 | 0 | @aCN@b广东省中山图书馆@c20060818 |
| 801 | 2 | @aCN@bNLC@c20060801 |
| 905 | @f1@b179391@dF091.33@e26:3 | |
| 李嘉图著作和通信集.第三卷/(英)D.李嘉图著/P.斯拉法主编/经文正译.-北京:商务印书馆,1977 |
| 403页;20cm |
| ISBN :CNY1.2 |
| ● |
| 相关链接 |
|
|
|
|
正题名:李嘉图著作和通信集
索取号:F091.33/26:3
 
预约/预借
| 序号 | 登录号 | 条形码 | 馆藏地/架位号 | 状态 | 备注 |
| 1 | 0179391 | 000193597 | 第一借阅区/ [索取号:F091.33/26:3] | 在馆 | |
| 2 | 0179392 | 000193588 | 第一样本阅览室/ [索取号:F091.33/26:3] | 在馆 | |
| 3 | 0441189 | 204411895 | 密集书库/ [索取号:F091.33/26:3] | 在馆 | |
| 4 | 0469297 | 204692975 | 密集书库/ [索取号:F091.33/26:3] | 在馆 |